Statistiques concernant Quiz sur l'Alberta

Cliquez ici pour prendre le quiz!

Statistiques générales

  • Ce quiz a été pris 65 fois
  • Le résultat moyen est 12 sur 18

Statistiques - réponses

QuestionRéponse% Correct
Langue officielleAnglais
98%
CapitaleEdmonton
95%
Ville la plus peupléeCalgary
93%
↳Événement que cette ville a accueilli en 1988Jeux Olympiques d'hiver
88%
Chaîne de montagnes s'élevant dans l'Ouest de la provinceMontagnes Rocheuses
86%
Subdivisions canadiennes bordant l'AlbertaSaskatchewan
80%
Subdivisions canadiennes bordant l'AlbertaColombie-Britannique
78%
Subdivisions canadiennes bordant l'AlbertaTerritoires du Nord-Ouest
73%
État américain frontalierMontana
71%
Principal produit d'exportationPétrole
71%
Plus ancien parc national canadien, situé en AlbertaBanff
66%
Animal qui occupe une grande place dans l'économie de la provinceBœuf
59%
Ensemble de trois provinces dont fait partie l'AlbertaLes {Prairies}
54%
L'Alberta est la province canadienne la plus ...{Riche} par habitant
54%
Catastrophe qui a ravagé la ville de Fort McMurray en 2016Incendie
53%
Le Stampede est un festival de grande envergure, présent dans
la ville la plus peuplée. Quel sport met-t-il en vedette?
Rodéo
46%
Avant de devenir une province, l'Alberta a été pendant longtemps
une partie de la Terre de...
Rupert
25%
Ruminant à corne qui est l'animal emblématique de la provinceMouflon canadien
12%

Distribution des résultats

Percentile par nombre de réponses

% des personnes avec chaque résultat

Votre développement - résultats

Vous n’avez pas pris ce quiz